000 00418 a2200133 4500
005 20250315090746.0
020 _a978-81-224-2162-0
082 _a340 SIN
100 _aSINGH, H.
245 _aCorporate Restructuring Through Disinvestment: An Indian Perspective
260 _aNew Delhi,
_bNew Age International Limited,
_c2007.
300 _axix, 140p.: ill.; graph, table.
_bGlossary, References.
_c25cm.
942 _2ddc
_cBKS
999 _c697
_d697